000
00302nam a2200109Ia 4500
008
230724s2007 xx und d
041
_a
eng
100
_a
GUHAS S K.
245
_a
CENTRAL WATER AND POWER RESEARCH
260
_b
CENTRAL COUNCIL FOR RESEARCH IN AYURVEDA AND SIDDHA
_c
2007
300
_a
811
999
_c
1177862
_d
1177862